000
00306nam a2200109Ia 4500
008
220216s9999 xx 000 0 und d
100
_a
Sekhar B C
245
4
_a
The dawn of Asia as the epicenter of elastomer activity- The imperatives
260
_b
Rubber Chem Review
_c
1996
300
_a
19-21
942
_c
JS
999
_c
70559
_d
70559